Päť miliónov mlčiacich : nežná v roku 2008 /
Uložené v:
| Hlavný autor: | |
|---|---|
| Médium: | Kniha |
| Jazyk: | Slovak |
| Vydané: |
Bratislava :
Eko-konzult,
2006
|
| Vydanie: | Vyd. 1. |
| Témy: | |
| ISBN: |
8080790590 (brož.) |
| Fyzický popis: |
194 s. ; 21 cm |
| Tagy: |
Pridať tag
Žiadne tagy, Buďte prvý kto otaguje tento záznam!
|
Titul je dostupný aj v ... 

MARC
| LEADER | 00000nam a2200000 a 4500 | ||
|---|---|---|---|
| 001 | 000292013 | ||
| 005 | 20070326101032.0 | ||
| 008 | 070126s2006 xo e 000 0 sloo | ||
| 020 | |a 8080790590 (brož.) | ||
| 040 | |a SVKKK |b slo |c SVKKK |e AACR2 | ||
| 041 | 0 | |a slo | |
| 044 | |a xo |c SK | ||
| 072 | 7 | |a 327 |x Medzinárodné vzťahy, svetová politika |2 konspekt | |
| 080 | |a 323.272 |2 1997 | ||
| 080 | |a (048.8) |2 1997 | ||
| 100 | 1 | |a Klinčok, Ján |4 aut | |
| 245 | 1 | 0 | |a Päť miliónov mlčiacich : |b nežná v roku 2008 / |c Ján Klinčok |
| 250 | |a Vyd. 1. | ||
| 260 | |a Bratislava : |b Eko-konzult, |c 2006 | ||
| 300 | |a 194 s. ; |c 21 cm | ||
| 650 | 0 | 7 | |a revolúcie |2 SVKKKPH |
| 650 | 0 | 7 | |a vnútorná politika |2 SVKKKPH |
| 655 | 7 | |a monografie |2 SVKKKPH | |
| 919 | |a 80-8079-059-0 | ||
| 998 | |a BK | ||
| 090 | |g SCKHL |k Sklad Pribinova 2. posch. |a III.205674 |j 986104 |i 2720098818 |s Absenčne | ||